00413nam a2200157Ia 450000500170000000800410001704000190005804100120007708200150008924500540010426000320015830000150019065000140020570000260021985000100024520241125135522.0131103s9999 xx 000 0 und d aLoreto College aEnglish a910.7bMAL aGeography workbookcedited by Kiran Kumar Maltiar aPatnabBharati Bhawanc1999 a82p.b map aGeography aMaltiar, Kiran Kumar  aLCBED